Important Sub-Regions of the World - Statistics

General Stats
  • This quiz has been taken 14 times
  • The average score is 4 of 10
Answer Stats
Hint Answer % Correct
Northeastern region of Mali. Famous city named after Timbuktu
86%
Land claimed by Spain, France, and England. Bought by the U.S. in 1803. Named after a king Louisiana
71%
Area in Africa which many countries were named after. Home to 70% of Cacao Guinea
64%
Most major region in Southern Pakistan. S in Pakistan. Historic Kingdom Sind
43%
Place where the Nile feeds into the Mediterranean. Red part of the Pharaoh’s crown Lower Egypt
29%
Opposite of above. White crown. Upper Egypt
29%
Named after India. Mostly refers to a group of small islands West Indies
29%
Israel sits of it. Land flowing with milk and honey Canaan
21%
Land of the South. First hypothesis by Aristotle. Former name was Terra Australis Antartica
7%
Spanish and English fought over this South American region. Named after the river it sits on Esequibo
7%
No matching quizzes found
Score Distribution
Percent of People with Each Score
Percentile by Number Answered
Your Score History
You have not taken this quiz